| 000 | 00947cam a2200265 4500 | ||
|---|---|---|---|
| 008 | 090401t1998 xxu||||| |||| 00| 0 eng d | ||
| 020 | _a0854069194 | ||
| 035 | _a(Sirsi) u88097 | ||
| 041 | _aeng | ||
| 050 | _a690.23 | ||
| 110 |
_aRoyal Institution of Chartered Surveyors _94900 |
||
| 245 | 2 | _aA price on design. Production based design cost modelling in design and build organisations. | |
| 260 |
_aLondon _bRICS _c1998 |
||
| 350 | _a0 | ||
| 520 | _aA report on research funded by the Education Trust of the Royal Institution of Chartered Surveyors by Andrew Ross, School of the Built Environment, Liverpool John Moores University. | ||
| 650 | _aBUILT ENVIRONMENT-BUILDING COSTS | ||
| 650 | _aCOST MODELLING | ||
| 650 | _aCOST PLANNING AND CONTROL | ||
| 650 | _aDESIGN AND BUILD | ||
| 650 | _aRICS EDUCATION TRUST | ||
| 690 | _aBUILT ENVIRONMENT-BUILDING COSTS | ||
| 700 | _aRoss, Andrew | ||
| 942 | _n0 | ||
| 948 | _c24/08/1998 | ||
| 999 |
_c97290 _d97290 |
||